Phoebe Bridgers Sidelines (all lyrics) - Statistics

General Stats
  • This quiz has been taken 70 times
  • The average score is 161 of 183
Answer Stats
Answer % Correct
a
100%
from
100%
I
100%
sidelines
100%
the
100%
what
100%
What
100%
came
97%
Gave
97%
gave
97%
in
97%
In
97%
into
97%
life
97%
me
97%
my
97%
not
97%
Not
97%
nothing
97%
something
97%
'Til
97%
to
97%
To
97%
Watch
97%
world
97%
you
97%
You
97%
Had
95%
I'm
95%
it
95%
afraid
92%
feels
92%
I'm
92%
know
92%
like
92%
Like
92%
of
92%
again
89%
anything
89%
go
89%
lose
89%
Now
89%
now
89%
all
86%
at
86%
being
86%
dying
86%
outside
86%
prove
86%
wanna
86%
back
81%
going
81%
ocean
81%
school
81%
shape
81%
broke
78%
down
78%
outline
78%
plane
78%
childish
76%
fire
76%
I'll
76%
seashell
76%
thing
76%
up
76%
And
73%
hear
73%
on
73%
try
73%
but
70%
cry
70%
first
70%
makes
70%
time
70%
Watching
70%
drowning
68%
house
68%
living
68%
think
68%
Used
68%
used
68%
alone
65%
could
65%
fault
65%
line
65%
plants
65%
talking
65%
people
62%
ever
59%
full
59%
myself
59%
room
59%
shakes
54%
'Cause
51%
getting
51%
older
49%
fetishize
46%
No matching quizzes found
Score Distribution
Percent of People with Each Score
Percentile by Number Answered
Your Score History
You have not taken this quiz